000 01016cam a2200337 a 4500
001 223753
003 OSt
005 20140310181740.0
008 880103s1981 tnua- 0 eng|
020 _a0913916978
035 _zU00002519619
039 0 _a2
_b3
_c3
_d3
_e3
040 _aLC
_dUtOrBLW
050 0 _aLB 1169
_b.F737 1981
082 0 _aTR 153.3
_bFo77 1981
090 _aLB1169
_b.F634 1981
100 1 _aForte, Imogene.
245 1 0 _aThink about it! :
_bprimary : activities for teaching basic thinking skills /
_cImogene Forte. --
260 _a[Nashville] :
_bIncentive Publications,
_cc1981.
300 _a78 p. :
_bill. ;
_c28 cm. --
490 1 _aKids' stuff
520 _a1. Imagination 2. Creation (Literary , artistics , etc.)
521 _aFaculty
541 _j1
562 _e1
650 0 _aKindergarten
_xMethods and manuals.
650 0 _aThought and thinking
_xStudy and teaching.
650 0 _aEducational games.
830 0 _aKids' stuff.
942 _2lcc
_cBK-TR
_kTR
999 _c2732
_d2732